000 00831nam a2200253 a 4500
999 _c12200
_d12200
001 12200
003 BD-JhCC
005 20210323122349.0
008 210323b2006 bg a|||| ||a| 000 0 ben d
020 _a9846371349
035 _a(BD-JhCC)12200
040 _aBD-JhCC
_dBD-JhCC
041 _abengali
082 _a032.083
_bBIG 2006
245 _aবিজ্ঞান /
_cসম্পা: আলী ইমাম ।
260 _aঢাকা :
_bবিজ্ঞান একাডেমী;
_c২০০৬.
300 _a48 P. :
_bill ;
_c24 cm.
490 _aছোটদের বিজ্ঞানপিডিয়া --০.৯
650 _aChildren's encyclopedias and dictionaries
650 _aEncyclopedias and dictionaries
700 _a ইমাম, আলী
942 _2ddc
_cBK